1937 1650 1932 1461 1235 1596 1803 1895 1326 1052 1956 1646 1778 1690 1301 1691 1444 1068 1572 1000 1898 1306 1018 1072 1152 1839 1153 1097 1033 1780 1680 1571 1810 1499 1168 1188 1096 1767 1696 1459 1965 1957 1783 1049 1841 1150 1299 1644 1360 1490 1642 1594 1173 1854 1200 1718 1610 1282 1728 1208 1161 1088 1079 1569 1874 1968 1738 1255 1923 1781 1420 1287 1173 1422 1901 1469 1989 1522 1288 1507 1149 1679 1037 1799 1041 1081 1078 1491 1938 1152 1542 1901 1178 1598 1513 1629 1580 1550 1241 BCNSPRNW ULIB Ver.6.0+V

เปลี่ยนเป็นภาษาไทย

Change to English
 แสดงรายละเอียดบรรณานุกรม
  กลับหน้าหลัก

Brief Record : Get Marc (ISO 2709) : E-mail record : QR code < ปิดหน้าต่าง
LEADER : 00000nam 2200000uu 4500
001    13399124427
003     ULIB
008    150713s2557||||th 000 0 tha d
020    ^a9786163615855
060  0 ^aWB935^bบ427 ล.2
100 0  ^aบุญชัย อิศราพิสิษฐ์
245 10 ^aพิชิตโรคโดยไม่ใช้ยา เล่ม 2 ตอน หยุดแก่เร็ว หยุดป่วย ด้วยธรรมชาติบำบัด /^cบุญชัย อิศราพิสิษฐ์
250    ^aพิมพ์ครั้งที่ 3
260    ^aกรุงเทพฯ :^bสุขภาพดี,^c2557
300    ^a240 หน้า :^bภาพประกอบ
500    ^aพิชิตโรคร้าย--โดยไม่ใช้ยา สุดยอดหนังสือดี เล่ม 1
650  7 ^aการดูแลสุขภาพด้วยตนเอง
650  7 ^aพฤติกรรมสุขภาพ
650  7 ^aการรักษาด้วยธรรมชาติ
650  7 ^aการดูแลตนเอง
945    ^p200^l0^i039532
999    ^aเกษร โพธิ์สุวรรณ
รายการนี้ยังไม่มีแท็ก
คุณยังไม่ได้ล็อกอิน คุณสามารถมีกิจกรรมร่วมกับเว็บไซต์ได้ แต่ต้องล็อกอินก่อน ::
  ล็อกอิน

รายการสื่อสารสนเทศ

ลำดับที่ ประเภท เลขเรียก/บาร์โค้ด สถานที่ สถานะ
1. วิทยาศาสตร์การแพทย์ และสุขภาพ
วิทยาศาสตร์การแพทย์ และสุขภาพ
สถานะ=หนังสือเก่า
WB935 บ427 ล.2 ฉ.1 
  Barcode: 039532
ห้องสมุดวิทยาเขตสวรรค์ประชารักษ์
►ส่วนจัดเก็บหนังสือเก่า สปร
บนชั้น
  ขอยืม

รายการใกล้เคียง
    ผู้แต่ง [บุญชัย อิศราพิสิษฐ์]

    หัวเรื่อง [การดูแลสุขภาพด้วยตนเอง]
    หัวเรื่อง [พฤติกรรมสุขภาพ]
    หัวเรื่อง [การรักษาด้วยธรรมชาติ]
    หัวเรื่อง [การดูแลตนเอง]

BibComment


ยังไม่เคยถูกคอมเมนท์

คอมเมนท์ทรัพยากรรายการนี้
  คอมเมนท์: พิชิตโรคโดยไม่ใช..


 Copyright 2026. Bcnsprnw @Library